[Event "Turkey Cup 2019"]
[Site "Belek"]
[Date "2019.01.27"]
[Round "1.71"]
[White "Odabasi, Nail"]
[Black "Yaylali, Adnan Dogan"]
[Result "0-1"]
[WhiteElo "1525"]
[BlackElo "1927"]
[Annotator "NA RC"]
[PlyCount "82"]
[EventDate "2019.01.27"]
[EventType "swiss"]
[EventCountry "TUR"]
[SourceTitle "playchess.com"]
[Source "ChessBase"]
[SourceQuality "1"]

1. d4 Nf6 2. Bf4 c5 3. d5 Qb6 4. Nc3 Qxb2 5. Bd2 Qb6 6. e4 d6 7. Nf3 e5 8. Rb1 Qd8 9. Bb5+ Nbd7 10. O-O Be7 11. Ng5 O-O 12. f4 exf4 13. Bxf4 Ne5 14. Bxe5 dxe5 15. Be2 Ne8 16. Nf3 Bf6 17. Nb5 a6 18. Na3 b5 19. c4 b4 20. Nc2 Nd6 21. Nd2 Bg5 22. Bd3 Re8 23. Nf3 Bf4 24. g3 Bh6 25. a3 a5 26. Kg2 Ba6 27. Qe2 f5 28. Nd2 Bxd2 29. Qxd2 fxe4 30. Be2 Nxc4 31. Bxc4 Bxc4 32. Rfd1 Bd3 33. axb4 axb4 34. Ra1 Qxd5 35. Ne3 Qd4 36. Nf5 Qd7 37. Qg5 b3 38. Nh6+ Kh8 39. Rxa8 Rxa8 40. Qxe5 c4 41. Ra1 Re8 0-1

[Event "Turkey Cup 2019"]
[Site "Belek"]
[Date "2019.01.27"]
[Round "1.72"]
[White "Degirmenci, Yagiz"]
[Black "Deveci, Halit"]
[Result "1-0"]
[WhiteElo "1872"]
[BlackElo "1621"]
[Annotator "NA RC"]
[PlyCount "107"]
[EventDate "2019.01.27"]
[EventType "swiss"]
[EventCountry "TUR"]
[SourceTitle "playchess.com"]
[Source "ChessBase"]
[SourceQuality "1"]

1. c4 Nf6 2. g3 e5 3. Bg2 d6 4. Nc3 Be7 5. Nf3 O-O 6. O-O c6 7. d3 h6 8. h3 Nbd7 9. e4 Re8 10. Be3 Nf8 11. d4 exd4 12. Nxd4 Ne6 13. Nf5 Bf8 14. Qc2 Nc7 15. Rad1 Bxf5 16. exf5 Qd7 17. Rd2 b6 18. Rfd1 Rad8 19. Qd3 Na6 20. Bd4 Be7 21. a3 Nc5 22. Qc2 Qc7 23. b4 Ncd7 24. Qa4 Rc8 25. Re2 Bf8 26. Rde1 Rxe2 27. Rxe2 Ne5 28. Qc2 Re8 29. f4 Ned7 30. Ne4 Nxe4 31. Rxe4 Rxe4 32. Qxe4 c5 33. Bb2 Nf6 34. Bxf6 gxf6 35. b5 Qe7 36. Kf2 Qxe4 37. Bxe4 Be7 38. Ke3 Kf8 39. Bf3 Ke8 40. Ke4 Kd7 41. Kd5 Bf8 42. Bh5 Be7 43. Bxf7 Bf8 44. g4 Bg7 45. Be6+ Kc7 46. h4 Bf8 47. g5 Bg7 48. Ke4 Kd8 49. Kf3 Ke7 50. Kg4 Kf8 51. Kh5 Ke7 52. Kg6 Kf8 53. gxh6 Bh8 54. Kh7 1-0

[Event "Turkey Cup 2019"]
[Site "Belek"]
[Date "2019.01.27"]
[Round "1.74"]
[White "Canbulan, Arda"]
[Black "Pazarcioglu, Ilker"]
[Result "1-0"]
[WhiteElo "1884"]
[BlackElo "1511"]
[Annotator "NA"]
[PlyCount "103"]
[EventDate "2019.01.27"]
[EventType "swiss"]
[EventCountry "TUR"]
[SourceTitle "playchess.com"]
[Source "ChessBase"]
[SourceQuality "1"]

1. e4 c5 2. Nf3 d6 3. d4 cxd4 4. Nxd4 Nf6 5. Nc3 a6 6. h3 e5 7. Nb3 Be6 8. g4 Be7 9. Bg2 Nfd7 10. Be3 Nc6 11. Qe2 b5 12. Nd5 Bh4 13. O-O-O Rc8 14. Kb1 O-O 15. f4 Bxd5 16. exd5 Na5 17. Nxa5 Qxa5 18. g5 Bg3 19. f5 e4 20. Bxe4 Be5 21. Bd2 Qa4 22. c3 Nb6 23. f6 g6 24. Bc2 Qh4 25. Qg2 Nc4 26. Be1 Qf4 27. Rf1 Qe3 28. Rd3 Qb6 29. Qe4 Kh8 30. Qh4 Nxb2 31. Kxb2 b4 32. Bb3 bxc3+ 33. Kc2 a5 34. Bf2 Qb7 35. Qa4 Rfe8 36. Re1 Qc7 37. Bd4 Qb7 38. Rde3 Red8 39. Bxe5 dxe5 40. Rxe5 Qa8 41. Qe4 Rf8 42. d6 Qa7 43. Re2 Qg1 44. Re8 Qa1 45. Rxc8 Qb2+ 46. Kd3 Qb1+ 47. Bc2 Qb5+ 48. Rc4 Rc8 49. Bb3 Rf8 50. Qe5 Qa6 51. Qe7 Kg8 52. d7 1-0

[Event "Turkey Cup 2019"]
[Site "Belek"]
[Date "2019.01.27"]
[Round "1.75"]
[White "Saglamer, Aysen"]
[Black "Akbas, Umut Ata"]
[Result "0-1"]
[WhiteElo "1499"]
[BlackElo "1939"]
[Annotator "NA RC"]
[PlyCount "48"]
[EventDate "2019.01.27"]
[EventType "swiss"]
[EventCountry "TUR"]
[SourceTitle "playchess.com"]
[Source "ChessBase"]
[SourceQuality "1"]

1. e4 c5 2. Nf3 d6 3. d4 cxd4 4. Nxd4 Nf6 5. Nc3 a6 6. Bg5 Nbd7 7. Qe2 Qc7 8. f4 e6 9. O-O-O Be7 10. g4 b5 11. a3 Bb7 12. Bg2 Nb6 13. Rhe1 Rc8 14. e5 dxe5 15. Nf5 exf5 16. Bxb7 Qxb7 17. Qxe5 Nc4 18. Qxf5 O-O 19. Qd3 Rfd8 20. Qg3 b4 21. axb4 Qxb4 22. Rxd8+ Rxd8 23. Nd1 Rxd1+ 24. Kxd1 Qd2# 0-1

[Event "Turkey Cup 2019"]
[Site "Belek"]
[Date "2019.01.27"]
[Round "1.76"]
[White "Eldemir, Goksu"]
[Black "Turkkan, Ece"]
[Result "1/2-1/2"]
[WhiteElo "1876"]
[BlackElo "1531"]
[Annotator "NA"]
[PlyCount "80"]
[EventDate "2019.01.27"]
[EventType "swiss"]
[EventCountry "TUR"]
[SourceTitle "playchess.com"]
[Source "ChessBase"]
[SourceQuality "1"]

1. e4 c5 2. Nf3 g6 3. c3 d5 4. exd5 Qxd5 5. d4 Bg7 6. Be3 cxd4 7. cxd4 Nf6 8. Nc3 Qd8 9. Bc4 O-O 10. h3 Nbd7 11. d5 Nb6 12. Bb3 Bf5 13. O-O Rc8 14. Nd4 Bd7 15. Qe2 Be8 16. Qf3 Nc4 17. Bxc4 Rxc4 18. Rfd1 Ba4 19. Rd3 Qa5 20. Rc1 Rfc8 21. Nde2 Bb5 22. Rdd1 a6 23. Bd4 Rd8 24. b3 Rcc8 25. Nf4 Be8 26. Qe3 Rd7 27. Be5 Qb4 28. Na4 Rxc1 29. Rxc1 Nxd5 30. Nxd5 Rxd5 31. Bxg7 Kxg7 32. Nb6 Rd8 33. Rc7 Rd1+ 34. Kh2 Qd6+ 35. Qg3 Qxb6 36. Rxe7 Bb5 37. a4 Bf1 38. Qe5+ Qf6 39. Qe3 Qf5 40. Re5 Qf6 1/2-1/2

[Event "Turkey Cup 2019"]
[Site "Belek"]
[Date "2019.01.27"]
[Round "1.77"]
[White "Kervancioglu, Talu"]
[Black "Eren, Alper"]
[Result "0-1"]
[WhiteElo "1535"]
[BlackElo "1919"]
[Annotator "NA"]
[PlyCount "80"]
[EventDate "2019.01.27"]
[EventType "swiss"]
[EventCountry "TUR"]
[SourceTitle "playchess.com"]
[Source "ChessBase"]
[SourceQuality "1"]

1. e4 c5 2. Nf3 e6 3. d4 cxd4 4. Nxd4 a6 5. Nc3 Qc7 6. g3 Nf6 7. Bg2 Bb4 8. Bd2 Nc6 9. Nb3 O-O 10. a3 Be7 11. f4 d5 12. exd5 exd5 13. Nxd5 Nxd5 14. Bxd5 Bf6 15. Qc1 Re8+ 16. Kf2 Bh3 17. c3 Red8 18. Bg2 Bxg2 19. Kxg2 Qb6 20. Qc2 Rac8 21. Rhe1 Nd4 22. Nxd4 Bxd4 23. Qa4 Qxb2 24. Kh1 Bf2 25. Rab1 Qxd2 26. Rbd1 Qxe1+ 27. Rxe1 Bxe1 28. Qe4 Bxc3 29. Qxb7 Rb8 30. Qxa6 Rd2 31. Qf1 Rbd8 32. Qf3 Bd4 33. Qb3 Re8 34. Qb1 Rb2 35. Qc1 h6 36. a4 Kh7 37. Qd1 f5 38. Qxd4 Re1+ 39. Qg1 Rxg1+ 40. Kxg1 Ra2 0-1

[Event "Turkey Cup 2019"]
[Site "Belek"]
[Date "2019.01.27"]
[Round "1.78"]
[White "Iyiol, Mehmet"]
[Black "Kalender, Murat Emre"]
[Result "1-0"]
[WhiteElo "1892"]
[BlackElo "1612"]
[Annotator "NA RC"]
[PlyCount "109"]
[EventDate "2019.01.27"]
[EventType "swiss"]
[EventCountry "TUR"]
[SourceTitle "playchess.com"]
[Source "ChessBase"]
[SourceQuality "1"]

1. d4 Nf6 2. Nf3 d5 3. Bf4 c5 4. e3 Qb6 5. Nc3 a6 6. Rb1 Nc6 7. h3 e6 8. Be2 Be7 9. O-O O-O 10. a3 Rd8 11. dxc5 Qxc5 12. Bc7 Rd7 13. Na4 Qa7 14. Bb6 Qb8 15. b4 Bd8 16. b5 Ne5 17. bxa6 Nxf3+ 18. gxf3 Qe5 19. Bxd8 Rxd8 20. Nb6 Ra7 21. Nxc8 Rxc8 22. Rxb7 Rxb7 23. axb7 Rb8 24. Qb1 Qc7 25. Ba6 Nd7 26. Qb5 Ne5 27. Kg2 Qxc2 28. e4 Qd2 29. Qc5 Qg5+ 30. Kh1 Rd8 31. Qc8 Qh4 32. Qxd8+ Qxd8 33. Rc1 Nc4 34. Bxc4 Qc7 35. Rb1 Qb8 36. Ba6 h6 37. Rc1 Kh7 38. Rc8 Qa7 39. Kg2 dxe4 40. b8=Q exf3+ 41. Kxf3 Qxa6 42. Rh8+ Kg6 43. Qg3+ Kf6 44. Kg2 Qa7 45. Kh2 e5 46. Rh7 g6 47. Rxh6 Ke6 48. Rh7 Kf6 49. Rh8 Ke6 50. Re8+ Kd7 51. Rxe5 f6 52. Rd5+ Ke8 53. Qxg6+ Kf8 54. Rd8+ Ke7 55. Qe8# 1-0

[Event "Turkey Cup 2019"]
[Site "Belek"]
[Date "2019.01.27"]
[Round "1.79"]
[White "Kavalci, Emin"]
[Black "Aslan, Onat Ugur"]
[Result "0-1"]
[WhiteElo "1495"]
[BlackElo "1812"]
[Annotator "NA RC"]
[PlyCount "62"]
[EventDate "2019.01.27"]
[EventType "swiss"]
[EventCountry "TUR"]
[SourceTitle "playchess.com"]
[Source "ChessBase"]
[SourceQuality "1"]

1. e4 e6 2. d4 d5 3. exd5 exd5 4. Nf3 Bd6 5. Nc3 c6 6. Bd3 Ne7 7. O-O Bg4 8. h3 Bh5 9. Re1 Nd7 10. Bg5 f6 11. Bd2 Qc7 12. Bf5 O-O-O 13. Bg4 Bxg4 14. hxg4 h5 15. gxh5 Rxh5 16. Ne2 g5 17. Ng3 Bxg3 18. Rxe7 Rdh8 19. Kf1 Rh1+ 20. Ke2 Rxd1 21. Rxd1 Qd6 22. Rxd7 Kxd7 23. fxg3 Qxg3 24. Rg1 Re8+ 25. Kf1 g4 26. Ne1 c5 27. Nd3 c4 28. Bf4 Re1+ 29. Nxe1 Qxf4+ 30. Ke2 Qe4+ 31. Kf1 g3 0-1

[Event "Turkey Cup 2019"]
[Site "Belek"]
[Date "2019.01.27"]
[Round "1.80"]
[White "Sade, Defne"]
[Black "Sahin, Onur"]
[Result "1-0"]
[WhiteElo "1952"]
[BlackElo "1702"]
[Annotator "NA"]
[PlyCount "169"]
[EventDate "2019.01.27"]
[EventType "swiss"]
[EventCountry "TUR"]
[SourceTitle "playchess.com"]
[Source "ChessBase"]
[SourceQuality "1"]

1. e4 g6 2. d4 Bg7 3. Nc3 d6 4. f4 Nf6 5. Nf3 O-O 6. Be2 Nc6 7. O-O Nd7 8. Be3 e5 9. fxe5 dxe5 10. d5 Ne7 11. Qe1 Nf6 12. Qh4 Ne8 13. Ng5 h6 14. Nf3 Kh7 15. Rad1 Nd6 16. Rf2 f5 17. Bg5 Rf7 18. Rdf1 Bd7 19. Bd2 Rf8 20. Bg5 Rf7 21. h3 Qf8 22. Nd2 Kg8 23. Bxe7 Qxe7 24. Qxe7 Rxe7 25. g4 f4 26. Nc4 a6 27. Nxd6 cxd6 28. Bc4 Rc8 29. Bb3 Bf6 30. Rd2 Be8 31. a4 b6 32. Na2 b5 33. axb5 Bxb5 34. Rc1 Bc4 35. Bxc4 Rxc4 36. Re2 f3 37. Rf2 Rxe4 38. Rxf3 Bg5 39. Rcf1 Bf4 40. Rc3 Re3 41. Rc6 Rd7 42. Rxa6 Rxh3 43. Nb4 Rg3+ 44. Kf2 Rxg4 45. Nd3 Bg5 46. Ke1 e4 47. Nb4 Rb7 48. Ra8+ Kg7 49. c3 Rf4 50. Re8 Rxf1+ 51. Kxf1 Rf7+ 52. Ke2 e3 53. Nd3 h5 54. Ra8 Rf5 55. c4 h4 56. Ra1 Bf4 57. b4 g5 58. b5 Rf7 59. b6 h3 60. Nxf4 gxf4 61. Kf3 h2 62. Rh1 Rb7 63. Rxh2 Rxb6 64. Kxf4 Rb4 65. Kxe3 Rxc4 66. Kd3 Rg4 67. Re2 Rg6 68. Kc4 Kf7 69. Kb5 Rf6 70. Kc6 Kf8 71. Kd7 Kf7 72. Re6 Rf3 73. Kxd6 Rc3 74. Re2 Rc8 75. Kd7 Ra8 76. d6 Ra7+ 77. Kc8 Ra8+ 78. Kb7 Ra3 79. d7 Rd3 80. Kc7 Rc3+ 81. Kd8 Rc6 82. Rf2+ Kg7 83. Ke7 Rc7 84. Rg2+ Kh7 85. Ke8 1-0

[Event "Turkey Cup 2019"]
[Site "Belek"]
[Date "2019.01.27"]
[Round "1.81"]
[White "Arslan, Tayfun"]
[Black "Hereklioglu, Sude"]
[Result "0-1"]
[WhiteElo "1398"]
[BlackElo "1951"]
[Annotator "NA RC"]
[PlyCount "62"]
[EventDate "2019.01.27"]
[EventType "swiss"]
[EventCountry "TUR"]
[SourceTitle "playchess.com"]
[Source "ChessBase"]
[SourceQuality "1"]

1. e4 c5 2. Nf3 Nc6 3. d4 cxd4 4. Nxd4 Nf6 5. Nc3 e6 6. a3 a6 7. Be2 Qc7 8. Bg5 Be7 9. Qd2 Rb8 10. Bf4 e5 11. Bg3 d6 12. Nb3 O-O 13. f4 b5 14. f5 d5 15. exd5 Rd8 16. O-O-O b4 17. axb4 Nxb4 18. Qe3 Bd6 19. Rhf1 Bb7 20. Bf3 a5 21. Be4 Ba6 22. Rfe1 Bc4 23. Nd2 Bxd5 24. Nxd5 Nfxd5 25. Qb3 Nc3 26. bxc3 Nd3+ 27. Bxd3 Rxb3 28. Nxb3 Qxc3 29. Kb1 a4 30. Bc4 axb3 31. cxb3 Ra8 0-1

[Event "Turkey Cup 2019"]
[Site "Belek"]
[Date "2019.01.27"]
[Round "1.82"]
[White "Sayin, Atakan"]
[Black "Koca, Cisem"]
[Result "1-0"]
[WhiteElo "1921"]
[BlackElo "1416"]
[Annotator "NA RC"]
[PlyCount "69"]
[EventDate "2019.01.27"]
[EventType "swiss"]
[EventCountry "TUR"]
[SourceTitle "playchess.com"]
[Source "ChessBase"]
[SourceQuality "1"]

1. e4 c5 2. Nf3 e6 3. d4 cxd4 4. Nxd4 Nf6 5. Bd3 a6 6. O-O b5 7. Qe2 Bb7 8. b3 d6 9. Bb2 Be7 10. Nd2 Nbd7 11. f4 Nc5 12. Kh1 Qd7 13. c4 bxc4 14. bxc4 Qc7 15. Rae1 Rc8 16. Bb1 Qb8 17. N4b3 Rg8 18. e5 Nfd7 19. f5 dxe5 20. Nxc5 Nxc5 21. fxe6 Nxe6 22. Bxe5 Bd6 23. Qh5 g6 24. Qxh7 Rf8 25. Bxg6 Bxe5 26. Bxf7+ Ke7 27. Qh4+ Kd7 28. Qg4 Qd6 29. Ne4 Qe7 30. Ng5 Rc6 31. Nxe6 Rxe6 32. Qxe6+ Qxe6 33. Bxe6+ Kxe6 34. Rxf8 Kd6 35. c5+ 1-0

[Event "Turkey Cup 2019"]
[Site "Belek"]
[Date "2019.01.27"]
[Round "1.84"]
[White "Kilic, Cihan"]
[Black "Kaplan, Can Sores"]
[Result "1-0"]
[WhiteElo "1886"]
[BlackElo "1551"]
[Annotator "NA RC"]
[PlyCount "59"]
[EventDate "2019.01.27"]
[EventType "swiss"]
[EventCountry "TUR"]
[SourceTitle "playchess.com"]
[Source "ChessBase"]
[SourceQuality "1"]

1. d4 g6 2. e4 Bg7 3. Nf3 d6 4. Bd3 Bg4 5. c3 Nc6 6. h3 Bxf3 7. Qxf3 Nf6 8. O-O O-O 9. Nd2 e5 10. d5 Ne7 11. Nc4 Nd7 12. g4 Nc5 13. Bc2 c6 14. b4 Na6 15. dxc6 bxc6 16. Rd1 d5 17. Na5 Qb6 18. Bb3 Rad8 19. exd5 cxd5 20. Bxd5 Nxd5 21. Rxd5 f5 22. Be3 Qc7 23. Rxd8 Rxd8 24. Rd1 fxg4 25. hxg4 Rxd1+ 26. Qxd1 h6 27. Qd3 Nb8 28. Qxg6 Nd7 29. Bxh6 Nf8 30. Qxg7+ 1-0

[Event "Turkey Cup 2019"]
[Site "Belek"]
[Date "2019.01.27"]
[Round "1.85"]
[White "Sari, Engin"]
[Black "Gonullu, Muhammed Sinan"]
[Result "1-0"]
[WhiteElo "1480"]
[BlackElo "1815"]
[Annotator "NA RC"]
[PlyCount "93"]
[EventDate "2019.01.27"]
[EventType "swiss"]
[EventCountry "TUR"]
[SourceTitle "playchess.com"]
[Source "ChessBase"]
[SourceQuality "1"]

1. c4 f5 2. d4 Nf6 3. Nc3 e6 4. Nf3 d5 5. e3 c6 6. cxd5 exd5 7. Bd3 Bd6 8. Qc2 Ne4 9. Bd2 a5 10. Rc1 O-O 11. g3 Nd7 12. h4 Ndf6 13. Ng5 h6 14. Nh3 Qe7 15. Ne2 Nxd2 16. Kxd2 Bb4+ 17. Nc3 Ne4+ 18. Ke2 Be6 19. Nf4 Bf7 20. Bxe4 fxe4 21. a3 Bd6 22. Kd2 b5 23. Nce2 Rfc8 24. g4 c5 25. g5 cxd4 26. Qxc8+ Rxc8 27. Rxc8+ Kh7 28. g6+ Bxg6 29. Rh8+ Kxh8 30. Nxg6+ Kh7 31. Nxe7 dxe3+ 32. fxe3 Bxe7 33. Nf4 Bf6 34. b4 axb4 35. axb4 d4 36. h5 Kg8 37. exd4 Bxd4 38. Re1 e3+ 39. Kd3 Bb6 40. Nd5 Ba7 41. Nxe3 Kf7 42. Nd5 Bb8 43. Re7+ Kf8 44. Rb7 Bd6 45. Rxb5 Kf7 46. Rb7+ Ke6 47. Ke4 1-0

[Event "Turkey Cup 2019"]
[Site "Belek"]
[Date "2019.01.27"]
[Round "1.86"]
[White "Benk, Tolga Tugay"]
[Black "Saygili, Adnan Mesih"]
[Result "1-0"]
[WhiteElo "1863"]
[BlackElo "1594"]
[Annotator "NA RC"]
[PlyCount "53"]
[EventDate "2019.01.27"]
[EventType "swiss"]
[EventCountry "TUR"]
[SourceTitle "playchess.com"]
[Source "ChessBase"]
[SourceQuality "1"]

1. d4 Nf6 2. Bg5 g6 3. Nd2 d5 4. e3 Bg7 5. Bd3 c6 6. Ngf3 O-O 7. Qe2 a5 8. c3 Bg4 9. h3 Bd7 10. O-O Na6 11. Bh4 Nc7 12. Ne5 Nce8 13. f3 Be6 14. e4 Nd6 15. Nxg6 hxg6 16. e5 Nh5 17. exd6 Qxd6 18. Qe3 Rfe8 19. Rae1 Bc8 20. Bxe7 Qc7 21. Qg5 Bxh3 22. f4 Bd7 23. f5 Qg3 24. fxg6 Qxg5 25. gxf7+ Kh8 26. fxe8=Q+ Rxe8 27. Bxg5 1-0

[Event "Turkey Cup 2019"]
[Site "Belek"]
[Date "2019.01.27"]
[Round "1.87"]
[White "Savli, Sadrettin"]
[Black "Demirtas, Hafize"]
[Result "0-1"]
[WhiteElo "1425"]
[BlackElo "1929"]
[Annotator "NA RC"]
[PlyCount "60"]
[EventDate "2019.01.27"]
[EventType "swiss"]
[EventCountry "TUR"]
[SourceTitle "playchess.com"]
[Source "ChessBase"]
[SourceQuality "1"]

1. e4 c5 2. Nf3 Nc6 3. c3 Nf6 4. Bd3 g6 5. Bc2 Bg7 6. d4 cxd4 7. cxd4 d5 8. e5 Ne4 9. h3 f6 10. exf6 exf6 11. O-O O-O 12. Nc3 f5 13. Bb3 Be6 14. Re1 Na5 15. Be3 Nxb3 16. Qxb3 Qb6 17. Qxb6 axb6 18. Nb5 Rac8 19. Rec1 Rxc1+ 20. Bxc1 Rc8 21. Ne1 Bd7 22. Nc3 Bxd4 23. Nxd5 Bxf2+ 24. Kh1 Re8 25. Nf3 Bc6 26. Nb4 Ng3+ 27. Kh2 Bxf3 28. gxf3 Re2 29. Bf4 Nh5 30. Bc1 Be3+ 0-1

[Event "Turkey Cup 2019"]
[Site "Belek"]
[Date "2019.01.27"]
[Round "1.88"]
[White "Demirbas, Emre"]
[Black "Yakar, Azat"]
[Result "1-0"]
[WhiteElo "1823"]
[BlackElo "1362"]
[Annotator "NA RC"]
[PlyCount "97"]
[EventDate "2019.01.27"]
[EventType "swiss"]
[EventCountry "TUR"]
[SourceTitle "playchess.com"]
[Source "ChessBase"]
[SourceQuality "1"]

1. Nf3 g6 2. c4 Bg7 3. Nc3 Nf6 4. b3 d6 5. d4 Nc6 6. Bb2 O-O 7. g3 e5 8. Bg2 e4 9. Nd2 e3 10. fxe3 Ng4 11. Nf1 Qe7 12. Nd5 f5 13. e4 Qd8 14. exf5 Nf6 15. h3 Bxf5 16. Nfe3 Be4 17. O-O Bxg2 18. Kxg2 Ne4 19. Qd3 Nc5 20. Rxf8+ Qxf8 21. dxc5 Bxb2 22. Rf1 Qg7 23. cxd6 cxd6 24. Ng4 Ne5 25. Ndf6+ Kh8 26. Qxd6 Nxg4 27. Nxg4 Re8 28. e4 Qe7 29. Qxe7 Rxe7 30. Re1 Kg7 31. Kf3 h5 32. Ne3 Bd4 33. Rf1 Rf7+ 34. Ke2 Rxf1 35. Nxf1 Kf6 36. Ne3 Ke5 37. Kd3 Bc5 38. Nd5 Bf2 39. g4 b6 40. b4 a5 41. bxa5 bxa5 42. a4 Bc5 43. gxh5 gxh5 44. Nc3 Kf4 45. Ne2+ Kf3 46. e5 h4 47. e6 Kg2 48. Nf4+ Kg3 49. Ke4 1-0

[Event "Turkey Cup 2019"]
[Site "Belek"]
[Date "2019.01.27"]
[Round "1.89"]
[White "Yardim, Ahmet"]
[Black "Uzuner, Tufan Can"]
[Result "0-1"]
[WhiteElo "1445"]
[BlackElo "1889"]
[Annotator "NA RC"]
[PlyCount "106"]
[EventDate "2019.01.27"]
[EventType "swiss"]
[EventCountry "TUR"]
[SourceTitle "playchess.com"]
[Source "ChessBase"]
[SourceQuality "1"]

1. e4 c6 2. d4 d5 3. exd5 cxd5 4. Nf3 Nc6 5. Bf4 Nf6 6. c3 g6 7. Bd3 Bg7 8. O-O O-O 9. h3 Bf5 10. Bxf5 gxf5 11. Ne5 e6 12. Nd2 Rc8 13. Qe2 Ne8 14. f3 Nd6 15. Qe3 Ne7 16. Bh6 Ng6 17. Nxg6 hxg6 18. Bxg7 Kxg7 19. Qe5+ Kg8 20. g4 Rc6 21. Kg2 Rb6 22. Rab1 Re8 23. Rh1 Qh4 24. Qg3 Qh6 25. f4 f6 26. h4 fxg4 27. Qxg4 Nf5 28. Kf3 Qh5 29. Qxh5 gxh5 30. Nf1 Kf7 31. Ne3 Nxe3 32. Kxe3 Rg8 33. Kf3 Rg4 34. b3 Rc6 35. Rbc1 b5 36. Rh3 Rc8 37. Rc2 a5 38. a3 a4 39. bxa4 bxa4 40. Rhh2 Kg6 41. Rhg2 Rxg2 42. Kxg2 Kf5 43. Kf3 Rb8 44. c4 Rb3+ 45. Ke2 dxc4 46. Rxc4 Rxa3 47. Rc5+ Kxf4 48. Rxh5 Ke4 49. Rh6 Ra2+ 50. Kd1 Rf2 51. Ke1 Rf4 52. Rh8 Kxd4 53. h5 Rh4 0-1

[Event "Turkey Cup 2019"]
[Site "Belek"]
[Date "2019.01.27"]
[Round "1.90"]
[White "Onem, Cem"]
[Black "Durak, Behzat"]
[Result "1-0"]
[WhiteElo "1840"]
[BlackElo "1570"]
[Annotator "NA"]
[PlyCount "54"]
[EventDate "2019.01.27"]
[EventType "swiss"]
[EventCountry "TUR"]
[SourceTitle "playchess.com"]
[Source "ChessBase"]
[SourceQuality "1"]

1. d4 c6 2. c4 d5 3. Nf3 Bg4 4. Ne5 Bd7 5. Qb3 dxc4 6. Qxb7 f6 7. Qxa8 fxe5 8. Qxa7 exd4 9. Bf4 e5 10. Bxe5 Bb4+ 11. Kd1 Nf6 12. Qxb8 Qxb8 13. Bxb8 O-O 14. Bg3 c5 15. Nd2 c3 16. bxc3 Bxc3 17. Rb1 Ba4+ 18. Kc1 Rc8 19. e3 h6 20. Bc4+ Kh8 21. Rb8 Rxb8 22. Bxb8 Ng4 23. Ne4 Bb4 24. h3 Ba3+ 25. Kd2 Bc6 26. hxg4 Bxe4 27. f3 Bb4+ 1-0

[Event "Turkey Cup 2019"]
[Site "Belek"]
[Date "2019.01.27"]
[Round "1.91"]
[White "Ikizler, Metin"]
[Black "Aydin, Hakan Arda"]
[Result "*"]
[WhiteElo "1569"]
[BlackElo "1915"]
[Annotator "NA RC"]
[PlyCount "37"]
[EventDate "2019.01.27"]
[EventType "swiss"]
[EventCountry "TUR"]
[SourceTitle "playchess.com"]
[Source "ChessBase"]
[SourceQuality "1"]

1. e4 e5 2. Nf3 Nc6 3. d4 exd4 4. Nxd4 Bc5 5. Nxc6 Qf6 6. f3 dxc6 7. Nc3 Be6 8. Bd3 Ne7 9. Qe2 Ng6 10. Be3 Bb4 11. O-O Nf4 12. Qd2 g5 13. a3 Bd6 14. g3 Bh3 15. Rf2 a6 16. Ne2 Nxd3 17. cxd3 Rg8 18. d4 Qg6 19. e5 *

[Event "Turkey Cup 2019"]
[Site "Belek"]
[Date "2019.01.27"]
[Round "1.92"]
[White "Bayik, Hasan"]
[Black "Atas, Remzi"]
[Result "1-0"]
[WhiteElo "1825"]
[BlackElo "1477"]
[Annotator "NA RC"]
[PlyCount "65"]
[EventDate "2019.01.27"]
[EventType "swiss"]
[EventCountry "TUR"]
[SourceTitle "playchess.com"]
[Source "ChessBase"]
[SourceQuality "1"]

1. d4 f5 2. g3 Nf6 3. Bg2 e6 4. Nd2 d5 5. Ngf3 Be7 6. O-O O-O 7. c4 c6 8. b3 Ne4 9. Bb2 Nd7 10. Qc2 Ndf6 11. Rad1 Qe8 12. Ne5 Bd7 13. f3 Nxd2 14. Rxd2 Rc8 15. e4 fxe4 16. fxe4 Qh5 17. Rdf2 Rcd8 18. Bf3 Qh3 19. Bc1 dxe4 20. Bxe4 Bc8 21. Bg2 Qh5 22. Bf3 Qh3 23. Qd1 c5 24. Bg2 Qh5 25. Rxf6 Qe8 26. Rxf8+ Bxf8 27. d5 Be7 28. Nf7 Rd7 29. Bh3 Bf6 30. Rxf6 gxf6 31. Qg4+ Kf8 32. Bh6+ Ke7 33. Qxe6# 1-0

[Event "Turkey Cup 2019"]
[Site "Belek"]
[Date "2019.01.27"]
[Round "1.96"]
[White "Suzan, Ufuk"]
[Black "Sahin, Fehim"]
[Result "0-1"]
[WhiteElo "1831"]
[BlackElo "1555"]
[Annotator "NA RC"]
[PlyCount "58"]
[EventDate "2019.01.27"]
[EventType "swiss"]
[EventCountry "TUR"]
[SourceTitle "playchess.com"]
[Source "ChessBase"]
[SourceQuality "1"]

1. e4 c6 2. d4 d5 3. exd5 cxd5 4. Bd3 Nf6 5. h3 Nc6 6. c3 e6 7. Nf3 Bd6 8. O-O Qc7 9. Re1 Bf4 10. Nbd2 O-O 11. Nf1 Bxc1 12. Rxc1 Qf4 13. Ng3 a6 14. Bb1 Ne7 15. Qc2 Ng6 16. Ne5 Nd7 17. Nd3 Qg5 18. Re3 f5 19. Rxe6 f4 20. Nf1 Nf6 21. Rb6 Nh4 22. g3 fxg3 23. Nxg3 Ne4 24. Kh2 Nf3+ 25. Kg2 Bxh3+ 26. Kxh3 Qh4+ 27. Kg2 Qh2+ 28. Kf1 Nxg3+ 29. fxg3 Nd2+ 0-1

[Event "Turkey Cup 2019"]
[Site "Belek"]
[Date "2019.01.28"]
[Round "2.1"]
[White "Yilmazyerli, Mert"]
[Black "Sayin, Atakan"]
[Result "1-0"]
[WhiteElo "2436"]
[BlackElo "1921"]
[Annotator "TA"]
[PlyCount "69"]
[EventDate "2019.01.27"]
[EventType "swiss"]
[EventCountry "TUR"]
[SourceTitle "playchess.com"]
[Source "ChessBase"]
[SourceQuality "1"]

1. d4 d5 2. c4 c6 3. Nf3 Nf6 4. e3 e6 5. Nc3 Nbd7 6. Bd3 dxc4 7. Bxc4 b5 8. Bd3 Bb7 9. O-O a6 10. e4 c5 11. d5 Qb6 12. dxe6 fxe6 13. e5 Nd5 14. Ng5 O-O-O 15. Nxd5 Bxd5 16. Nf7 Be7 17. Qe2 Qb7 18. f3 Nb6 19. Be3 Kb8 20. Rfd1 c4 21. Bc2 Rhf8 22. Nxd8 Rxd8 23. Bxh7 Nd7 24. Bd4 g5 25. Bc2 Rh8 26. b3 Nc5 27. bxc4 Bxc4 28. Qe3 Rc8 29. Bb3 Nxb3 30. axb3 Bd5 31. Rdc1 Rxc1+ 32. Rxc1 g4 33. Bc5 Bxc5 34. Qxc5 gxf3 35. Qd6+ 1-0

[Event "Turkey Cup 2019"]
[Site "Belek"]
[Date "2019.01.28"]
[Round "2.2"]
[White "Demirtas, Hafize"]
[Black "Gokerkan, Cem Kaan"]
[Result "1/2-1/2"]
[WhiteElo "1929"]
[BlackElo "2420"]
[Annotator "TA"]
[PlyCount "143"]
[EventDate "2019.01.27"]
[EventType "swiss"]
[EventCountry "TUR"]
[SourceTitle "playchess.com"]
[Source "ChessBase"]
[SourceQuality "1"]

1. e4 g6 2. d4 Bg7 3. Nc3 d6 4. f4 a6 5. Nf3 b5 6. e5 Bb7 7. Bd3 Nh6 8. O-O O-O 9. Be3 e6 10. Be4 Bxe4 11. Nxe4 d5 12. Nc5 Nd7 13. Nd3 f6 14. h3 Nf5 15. Bf2 fxe5 16. fxe5 Bh6 17. Qe2 Ne7 18. Bh4 Qe8 19. g4 Nc6 20. c3 a5 21. g5 Bg7 22. Nf2 Ne7 23. Ng4 Nf5 24. Bf2 h6 25. Nf6+ Bxf6 26. gxf6 g5 27. Nh2 c6 28. Kh1 Kh7 29. Rg1 Rg8 30. Nf1 Qg6 31. Ng3 Nh4 32. Raf1 Ra7 33. Be1 Nf8 34. Nh5 Nf5 35. Ng3 Nxg3+ 36. Rxg3 Kh8 37. Rfg1 Rh7 38. h4 Qf7 39. h5 Nd7 40. Qg4 Rc8 41. Bf2 c5 42. Qe2 c4 43. Be3 Rb8 44. Bd2 Rb7 45. a3 Nb8 46. R1g2 Nc6 47. Rh2 Rb8 48. Qe1 Qg8 49. Kg2 Rhb7 50. Kh3 Qh7 51. Rf2 b4 52. axb4 axb4 53. Qe2 Ra8 54. Qg4 bxc3 55. Bxc3 Qf7 56. Qe2 Rb3 57. Kg4 Kg8 58. Qc2 Qh7 59. Qg6+ Kh8 60. f7 Rf8 61. Qf6+ Qg7 62. Qxe6 Nd8 63. Qxd5 Rb6 64. Rgf3 Qh7 65. Rf6 Rxf6 66. Rxf6 Nxf7 67. Qf3 Qb1 68. e6 Qg1+ 69. Kf5 Qb1+ 70. Kg4 Qg1+ 71. Kf5 Qb1+ 72. Kg4 1/2-1/2